| 000 | 01205nam a2200313 a 4500 | ||
|---|---|---|---|
| 001 | BRL_514 | ||
| 005 | 20190320210758.0 | ||
| 008 | 260813s1976----mx-ab#####---#000-0#spa-# | ||
| 041 | _aspa | ||
| 044 | _amx | ||
| 050 | 4 |
_aF1219 _b.E87 1976 |
|
| 245 | 1 | 0 |
_aEsplendor del México Antiguo _ccolaboradores Jorge R. Acosta ... [et al.] ; dirección y formato de la obra Raúl Noriega, Carmen Cook de Leonard y Julio Moctezuma ; coordinación Carmen C. de Leonard |
| 250 | _a2 corregida y aumentada | ||
| 260 |
_aMéxico _bEditorial del Valle de México _c1976 |
||
| 300 |
_a2 v. (xxx, 1278 p.) _bil. (algunas a color), mapas _c28 cm. |
||
| 440 | 0 |
_aCentro de Investigaciones Antropológicas de México _924155 |
|
| 500 | _av.1 Au553, v.2 Au552 | ||
| 504 | _aBibliografía: p.1197-1278 | ||
| 650 | 1 | 4 |
_aIndígenas de México _xVida social y costumbre _924156 |
| 651 | 4 |
_aMéxico _xHistoria _yHasta 1519 _99704 |
|
| 651 | 4 |
_aMéxico _xAntigüedades _92765 |
|
| 700 | 1 |
_aAcosta, Jorge R. _923989 |
|
| 700 | 1 |
_aNoriega, Raúl _924157 |
|
| 700 | 1 |
_aCook de Leonard, Carmen _922777 |
|
| 700 | 1 |
_aRodolfo Moctezuma, Julio _924158 |
|
| 700 | 1 |
_aC. de Leonardo, Carmen _924159 |
|
| 902 | _aGRL | ||
| 942 |
_2lcc _cB |
||
| 999 |
_c9326 _d9326 |
||